000 004550000a22001690004500
003 MACL
005 20160101135230.0
008 160101b xxu||||| |||| 00| 0 eng d
040 _aMACL
_cMACL
041 _aEnglish
082 _a363.2/STR
100 _aStracey, Eric
_926363
245 _aOdd Man In My Years in the Indian Police
260 _bVikash Publishing House
_c1981
_aNew Delhi
650 _aSocial Problems
_926364
942 _cBK
_k363/Ster
_2ddc
999 _c34127
_d34127